Problemas de la mujer (Record no. 83572)

MARC details
000 -LEADER
campo de control de longitud fija 00576nam a2200193 i 4500
001 - NÚMERO DE CONTROL
campo de control 83572
003 - IDENTIFICADOR DE NÚMERO DE CONTROL
campo de control ES-MaACL
005 - FECHA Y HORA DE LA ÚLTIMA TRANSACCIÓN
campo de control 20230906174844.0
007 - CAMPO FIJO DE DESCRIPCIÓN FÍSICA--INFORMACIÓN GENERAL
campo de control de longitud fija t|
008 - DATOS DE LONGITUD FIJA--INFORMACIÓN GENERAL
campo de control de longitud fija 041117s1972 sp ||||1| spa d
080 ## - NÚMERO DE LA CLASIFICACIÓN DECIMAL UNIVERSAL
Número de la Clasificación Decimal Universal 396
100 1# - ENTRADA PRINCIPAL--NOMBRE DE PERSONA
Nombre de persona Jacobi, Jolande.
9 (RLIN) 65841
245 10 - MENCIÓN DEL TÍTULO
Título Problemas de la mujer
Resto del título : problemas del matrimonio /
Mención de responsabilidad, etc. Jolande Jacobi ; traducido del alemán por Diorki.
260 ## - PUBLICACIÓN, DISTRIBUCIÓN, ETC.
Lugar de publicación, distribución, etc. Madrid :
Nombre del editor, distribuidor, etc. Studium,
Fecha de publicación, distribución, etc. [1972]
300 ## - DESCRIPCIÓN FÍSICA
Extensión 237 p. ;
Dimensiones 21 cm.
650 #4 - PUNTO DE ACCESO ADICIONAL DE MATERIA--TÉRMINO DE MATERIA
Término de materia o nombre geográfico como elemento de entrada Mujeres-
Subdivisión general Situación social-
Subdivisión cronológica S.XX.
9 (RLIN) 167814
710 2# - ENTRADA AGREGADA--NOMBRE DE ENTIDAD CORPORATIVA
Nombre de entidad corporativa o nombre de jurisdicción como elemento de entrada Diorki.
9 (RLIN) 3392
852 4# - LOCALIZACIÓN
Ubicación ES-MaACL
Número de control de estantería C-45154
Holdings
Estatus retirado Estado de pérdida Estado de daño No para préstamo Biblioteca de origen Biblioteca actual Ubicación en estantería Fecha de adquisición Fuente de adquisición Total de préstamos Signatura topográfica completa Código de barras Visto por última vez Precio de reemplazo Tipo de ítem Koha
        Biblioteca del Ateneo de Madrid Biblioteca del Ateneo de Madrid Depósito 2 17/01/2008     C-45154 1087346 23/02/2023 23/02/2023 Libro impreso